[Event "15. Obert Int. Sant Marti 2013"]
[Site "Barcelona ESP"]
[Date "2013.07.19"]
[Round "7.59"]
[White "Julian Barrachina, Lluis"]
[Black "Andersen, Guttorm"]
[Result "1-0"]
[WhiteElo "2163"]
[BlackElo "1772"]
[PlyCount "49"]
[EventDate "2013.07.13"]
[EventType "swiss"]
[EventRounds "9"]
[EventCountry "ESP"]
[SourceTitle "Ajedrez en Madrid"]
[Source "lmi"]
[SourceDate "2013.07.13"]
[SourceVersion "1"]
[SourceVersionDate "2019.06.21"]
[SourceQuality "1"]

1. e4 d5 2. exd5 Qxd5 3. Nc3 Qa5 4. d4 Nf6 5. Nf3 Bg4 6. h3 Bh5 7. Bd2 c6 8. g4
Bg6 9. Ne5 Qb6 10. Qe2 e6 11. Bg2 Bb4 12. O-O-O Nbd7 13. Nxd7 Nxd7 14. d5 Nc5
15. f4 O-O 16. h4 cxd5 17. f5 exf5 18. Nxd5 Bxd2+ 19. Qxd2 Qa6 20. Kb1 Ne4 21.
Bxe4 fxe4 22. h5 e3 23. hxg6 fxg6 24. Ne7+ Kh8 25. Rxh7+ 1-0

[Event "15. Obert Int. Sant Marti 2013"]
[Site "Barcelona ESP"]
[Date "2013.07.20"]
[Round "8.1"]
[White "Agdestein, Simen"]
[Black "Kovchan, Alexander"]
[Result "1/2-1/2"]
[WhiteElo "2567"]
[BlackElo "2577"]
[PlyCount "53"]
[EventDate "2013.07.13"]
[EventType "swiss"]
[EventRounds "9"]
[EventCountry "ESP"]
[SourceTitle "Ajedrez en Madrid"]
[Source "lmi"]
[SourceDate "2013.07.13"]
[SourceVersion "1"]
[SourceVersionDate "2019.06.21"]
[SourceQuality "1"]

1. Nf3 c5 2. c4 g6 3. d4 cxd4 4. Nxd4 Bg7 5. e4 Nc6 6. Be3 Nf6 7. Nc3 Ng4 8.
Qxg4 Nxd4 9. Qd1 Ne6 10. Rc1 Qa5 11. Qd2 b6 12. Be2 Bb7 13. f3 g5 14. O-O h5
15. Rcd1 d6 16. Nd5 Qxd2 17. Rxd2 h4 18. a4 Kf8 19. b4 Bc6 20. Ra2 Bd4 21. Kf2
Rb8 22. a5 Bxd5 23. exd5 Bxe3+ 24. Kxe3 Nf4 25. axb6 axb6 26. Bd1 Kg7 27. g3
1/2-1/2

[Event "15. Obert Int. Sant Marti 2013"]
[Site "Barcelona ESP"]
[Date "2013.07.20"]
[Round "8.2"]
[White "Firman, Nazar"]
[Black "Grigoryan, Karen H."]
[Result "1-0"]
[WhiteElo "2526"]
[BlackElo "2550"]
[PlyCount "81"]
[EventDate "2013.07.13"]
[EventType "swiss"]
[EventRounds "9"]
[EventCountry "ESP"]
[SourceTitle "Ajedrez en Madrid"]
[Source "lmi"]
[SourceDate "2013.07.13"]
[SourceVersion "1"]
[SourceVersionDate "2019.06.21"]
[SourceQuality "1"]

1. e4 e5 2. Nf3 Nc6 3. Bb5 a6 4. Ba4 Nf6 5. O-O Be7 6. Re1 b5 7. Bb3 O-O 8. c3
d6 9. h3 Nb8 10. d4 Nbd7 11. Nbd2 Bb7 12. a3 c5 13. Bc2 Re8 14. b4 c4 15. a4
Qc7 16. d5 g6 17. Nb1 Nb6 18. Na3 Nxa4 19. Bxa4 bxa4 20. Nd2 Nxd5 21. exd5 Bxd5
22. Nc2 f5 23. Ne3 Bf7 24. Nf3 Qb7 25. Rxa4 h5 26. Nf1 f4 27. Ra5 Qc6 28. N1d2
Bd8 29. Ne4 Bxa5 30. bxa5 d5 31. Neg5 Qd6 32. Qa4 Rad8 33. Ba3 Qc7 34. Qb4 d4
35. Ne4 Re6 36. cxd4 exd4 37. Nxd4 Re5 38. Bb2 Bd5 39. Nf6+ Kf7 40. Rxe5 Qxe5
41. Nc6 1-0

[Event "15. Obert Int. Sant Marti 2013"]
[Site "Barcelona ESP"]
[Date "2013.07.20"]
[Round "8.3"]
[White "Asis Gargatagli, Hipolito"]
[Black "Flores Rios, Mauricio"]
[Result "1/2-1/2"]
[WhiteElo "2487"]
[BlackElo "2492"]
[PlyCount "85"]
[EventDate "2013.07.13"]
[EventType "swiss"]
[EventRounds "9"]
[EventCountry "ESP"]
[SourceTitle "Ajedrez en Madrid"]
[Source "lmi"]
[SourceDate "2013.07.13"]
[SourceVersion "1"]
[SourceVersionDate "2019.06.21"]
[SourceQuality "1"]

1. e4 e5 2. Nf3 Nc6 3. Bc4 Bc5 4. c3 Nf6 5. d3 O-O 6. Nbd2 a6 7. Bb3 d6 8. h3
Ba7 9. Nf1 d5 10. Qe2 h6 11. g4 Be6 12. Ng3 dxe4 13. dxe4 Qd7 14. Bc2 b5 15.
Nh4 Rad8 16. Nhf5 Kh8 17. Qf3 Ng8 18. g5 Nce7 19. Rg1 g6 20. gxh6 Kh7 21. Nh5
f6 22. Nxe7 Qxe7 23. Ng7 Bf7 24. h4 b4 25. Bb3 bxc3 26. bxc3 Nxh6 27. h5 g5 28.
Nf5 Nxf5 29. Qxf5+ Kh8 30. Ba3 c5 31. Ke2 Bxh5+ 32. f3 Kg7 33. Rad1 Bg6 34. Qe6
Qb7 35. Rxg5 Rxd1 36. Rxg6+ Kxg6 37. Qg4+ Kh7 38. Kxd1 Rd8+ 39. Kc2 Qd7 40.
Qh4+ Kg7 41. Qg3+ Kh8 42. Qh4+ Kg7 43. Qg3+ 1/2-1/2

[Event "15. Obert Int. Sant Marti 2013"]
[Site "Barcelona ESP"]
[Date "2013.07.20"]
[Round "8.4"]
[White "Nikolov, Momchil"]
[Black "Cruz, Cristhian"]
[Result "1/2-1/2"]
[WhiteElo "2538"]
[BlackElo "2499"]
[PlyCount "106"]
[EventDate "2013.07.13"]
[EventType "swiss"]
[EventRounds "9"]
[EventCountry "ESP"]
[SourceTitle "Ajedrez en Madrid"]
[Source "lmi"]
[SourceDate "2013.07.13"]
[SourceVersion "1"]
[SourceVersionDate "2019.06.21"]
[SourceQuality "1"]

1. Nf3 Nf6 2. c4 e6 3. Nc3 Bb4 4. Qc2 O-O 5. a3 Bxc3 6. Qxc3 c5 7. b4 b6 8. Bb2
Bb7 9. e3 d6 10. Be2 Nbd7 11. O-O Qc7 12. d4 Rfe8 13. Rfd1 Rac8 14. Rac1 e5 15.
bxc5 bxc5 16. d5 Rb8 17. Nd2 Bc8 18. Rb1 Nb6 19. Ba1 Bd7 20. h3 h6 21. Bd3 Ba4
22. Rf1 Nbd7 23. Rbe1 Re7 24. Bf5 Rbe8 25. f4 exf4 26. Bxd7 Qxd7 27. Rxf4 Nh5
28. Rh4 Nf6 29. Rf4 Nh5 30. g4 Re5 31. Rf3 Nf6 32. Qd3 Nxg4 33. hxg4 Qxg4+ 34.
Kf2 Rg5 35. Rf1 h5 36. e4 h4 37. Qe3 f5 38. Qf4 Qg2+ 39. Ke3 Bc2 40. R3f2 Qh3+
41. Rf3 Qg2 42. R3f2 Rg3+ 43. Ke2 Qh3 44. Rf3 Qh2+ 45. R1f2 Qg1 46. Rf1 Rxf3
47. Qxf3 Qh2+ 48. Rf2 Qg1 49. Rf1 Qh2+ 50. Rf2 Qg1 51. Rf1 Qh2+ 52. Rf2 Qg1 53.
Rf1 Qh2+ 1/2-1/2

[Event "15. Obert Int. Sant Marti 2013"]
[Site "Barcelona ESP"]
[Date "2013.07.20"]
[Round "8.5"]
[White "Hayrapetyan, Hovik"]
[Black "Khaetsky, Roman"]
[Result "1-0"]
[WhiteElo "2486"]
[BlackElo "2424"]
[PlyCount "47"]
[EventDate "2013.07.13"]
[EventType "swiss"]
[EventRounds "9"]
[EventCountry "ESP"]
[SourceTitle "Ajedrez en Madrid"]
[Source "lmi"]
[SourceDate "2013.07.13"]
[SourceVersion "1"]
[SourceVersionDate "2019.06.21"]
[SourceQuality "1"]

1. d4 f5 2. Nf3 Nf6 3. g3 g6 4. Bg2 Bg7 5. O-O O-O 6. c4 d6 7. Nc3 Qe8 8. Re1
Qf7 9. e4 fxe4 10. Nxe4 h6 11. h3 g5 12. g4 Nxe4 13. Rxe4 Nc6 14. Qe2 e5 15.
dxe5 dxe5 16. Bd2 Be6 17. Bc3 Nd4 18. Nxd4 Bxc4 19. Qxc4 Qxc4 20. Nf5 Qc5 21.
Nxg7 Qxf2+ 22. Kh1 c6 23. Nf5 Rfe8 24. Rf1 1-0

[Event "15. Obert Int. Sant Marti 2013"]
[Site "Barcelona ESP"]
[Date "2013.07.20"]
[Round "8.6"]
[White "Escobar Forero, Alder"]
[Black "Bellia, Fabrizio"]
[Result "1/2-1/2"]
[WhiteElo "2466"]
[BlackElo "2415"]
[PlyCount "73"]
[EventDate "2013.07.13"]
[EventType "swiss"]
[EventRounds "9"]
[EventCountry "ESP"]
[SourceTitle "Ajedrez en Madrid"]
[Source "lmi"]
[SourceDate "2013.07.13"]
[SourceVersion "1"]
[SourceVersionDate "2019.06.21"]
[SourceQuality "1"]

1. e4 c6 2. d4 d5 3. Nc3 dxe4 4. Nxe4 Bf5 5. Ng3 Bg6 6. Nf3 Nd7 7. h4 h6 8. h5
Bh7 9. Bd3 Bxd3 10. Qxd3 e6 11. Bd2 Ngf6 12. O-O-O Qc7 13. Kb1 O-O-O 14. Ne4
Be7 15. g3 Nxe4 16. Qxe4 Rhe8 17. c4 c5 18. Bf4 Bd6 19. Be3 Nf6 20. Qc2 Ng4 21.
Bc1 cxd4 22. Nxd4 Bc5 23. Bf4 e5 24. Nb5 Qb6 25. Rxd8+ Rxd8 26. Qf5+ Qe6 27.
Qxe6+ fxe6 28. Rh4 exf4 29. Rxg4 Bxf2 30. gxf4 a6 31. Nc3 Bd4 32. Ne4 Kd7 33.
Kc2 Ke7 34. Rg2 Rf8 35. Kd3 Rd8 36. Kc2 Rf8 37. Kd3 1/2-1/2

[Event "15. Obert Int. Sant Marti 2013"]
[Site "Barcelona ESP"]
[Date "2013.07.20"]
[Round "8.7"]
[White "Anurag, Mhamal"]
[Black "Satyapragyan, Swayangsu"]
[Result "1-0"]
[WhiteElo "2418"]
[BlackElo "2464"]
[PlyCount "96"]
[EventDate "2013.07.13"]
[EventType "swiss"]
[EventRounds "9"]
[EventCountry "ESP"]
[SourceTitle "Ajedrez en Madrid"]
[Source "lmi"]
[SourceDate "2013.07.13"]
[SourceVersion "1"]
[SourceVersionDate "2019.06.21"]
[SourceQuality "1"]

1. e4 c5 2. Nf3 e6 3. Qe2 Nc6 4. g3 g6 5. c3 Bg7 6. Bg2 Nge7 7. h4 h6 8. Na3 d5
9. d3 b6 10. e5 a6 11. Nc2 Qc7 12. Bf4 Bb7 13. Rc1 a5 14. Ne3 Nf5 15. Ng4 Qe7
16. Qd2 d4 17. Qe2 Rc8 18. Kf1 h5 19. Ngh2 dxc3 20. bxc3 Qd7 21. Nd2 b5 22. Be4
O-O 23. g4 Bxe5 24. Bxe5 Nxe5 25. gxf5 exf5 26. Bxb7 Qxb7 27. Rg1 Rfe8 28. Ndf3
Ng4 29. Qd2 Nxh2+ 30. Nxh2 Rcd8 31. Rg2 Re6 32. Kg1 Rde8 33. Rg3 Kg7 34. Nf1
Re2 35. Qf4 Qb8 36. Qxb8 Rxb8 37. Ra1 b4 38. cxb4 axb4 39. Re3 Rc2 40. Ree1 Ra8
41. Ne3 Rcxa2 42. Rxa2 Rxa2 43. Nc4 Rc2 44. Kf1 Kf6 45. Ra1 f4 46. Kg2 Kf5 47.
Kf3 Rc3 48. Ke2 b3 1-0

[Event "15. Obert Int. Sant Marti 2013"]
[Site "Barcelona ESP"]
[Date "2013.07.20"]
[Round "8.8"]
[White "Arenas, David"]
[Black "Sequera Paolini, Jose"]
[Result "1-0"]
[WhiteElo "2437"]
[BlackElo "2394"]
[PlyCount "125"]
[EventDate "2013.07.13"]
[EventType "swiss"]
[EventRounds "9"]
[EventCountry "ESP"]
[SourceTitle "Ajedrez en Madrid"]
[Source "lmi"]
[SourceDate "2013.07.13"]
[SourceVersion "1"]
[SourceVersionDate "2019.06.21"]
[SourceQuality "1"]

1. e4 c5 2. Nf3 Nc6 3. d4 cxd4 4. Nxd4 Nf6 5. Nc3 e6 6. Be2 Bb4 7. O-O Bxc3 8.
bxc3 Nxe4 9. Qd3 d5 10. Ba3 Nd6 11. Qg3 Nxd4 12. cxd4 Nf5 13. Qc3 f6 14. Rfe1
Kf7 15. Rab1 Rb8 16. g4 Ne7 17. Qg3 Nc6 18. Qf4 Re8 19. g5 Kg8 20. Bh5 Rf8 21.
Bxf8 Qxf8 22. g6 h6 23. Qc7 Qe7 24. Qf4 e5 25. dxe5 fxe5 26. Qf7+ Qxf7 27.
gxf7+ Kf8 28. f4 e4 29. c4 Be6 30. f5 Bxf5 31. cxd5 Ne5 32. Rec1 g6 33. Be2
Kxf7 34. Rc7+ Kf6 35. Rbxb7 Rd8 36. Rb5 Kg5 37. d6 Kf4 38. Rd5 Be6 39. Rd1 Bxa2
40. Rxa7 Bb3 41. Rf1+ Nf3+ 42. Bxf3 exf3 43. d7 Be6 44. Rd1 g5 45. Kf2 g4 46.
Rd4+ Ke5 47. Rd2 Bd5 48. Kg3 h5 49. Kh4 Bf7 50. Rc7 Be6 51. Kxh5 Kf4 52. Kg6
Ke3 53. Rd6 Bxd7 54. Rdxd7 Rg8+ 55. Rg7 Rh8 56. Rge7+ Kf2 57. Kg5 Rg8+ 58. Kh4
Kg1 59. Rc1+ Kg2 60. Rf7 Rg6 61. Ra1 Re6 62. Ra2+ Kh1 63. Kxg4 1-0

[Event "15. Obert Int. Sant Marti 2013"]
[Site "Barcelona ESP"]
[Date "2013.07.20"]
[Round "8.9"]
[White "Ortiz Suarez, Isan Reynaldo"]
[Black "Gallego Alcaraz, Andres Felipe"]
[Result "1-0"]
[WhiteElo "2612"]
[BlackElo "2414"]
[PlyCount "81"]
[EventDate "2013.07.13"]
[EventType "swiss"]
[EventRounds "9"]
[EventCountry "ESP"]
[SourceTitle "Ajedrez en Madrid"]
[Source "lmi"]
[SourceDate "2013.07.13"]
[SourceVersion "1"]
[SourceVersionDate "2019.06.21"]
[SourceQuality "1"]

1. e4 c5 2. Nf3 Nc6 3. Bb5 d6 4. O-O Bd7 5. Re1 Nf6 6. c3 a6 7. Bf1 Bg4 8. h3
Bxf3 9. Qxf3 g6 10. d3 Bg7 11. Be3 Nd7 12. Qd1 Qb6 13. Qc2 O-O 14. Nd2 e6 15.
f4 d5 16. Bf2 Qc7 17. g3 b5 18. Bg2 Ne7 19. a4 Rab8 20. axb5 axb5 21. Ra6 Ra8
22. Rxa8 Rxa8 23. exd5 Nxd5 24. Qb3 N7f6 25. Ne4 Nd7 26. Ng5 N7f6 27. Qxb5 Bf8
28. Qc4 Nb6 29. Nxe6 fxe6 30. Qxe6+ Kg7 31. Bxa8 Nxa8 32. b4 Nb6 33. c4 Nbd7
34. Ra1 Qb7 35. b5 Qf3 36. Ra7 Qxd3 37. g4 Qxh3 38. Rxd7+ Nxd7 39. Qxd7+ Kg8
40. b6 Qb3 41. b7 1-0

[Event "15. Obert Int. Sant Marti 2013"]
[Site "Barcelona ESP"]
[Date "2013.07.20"]
[Round "8.12"]
[White "Getz, Nicolai"]
[Black "Munoz Pantoja, Miguel"]
[Result "0-1"]
[WhiteElo "2353"]
[BlackElo "2457"]
[PlyCount "88"]
[EventDate "2013.07.13"]
[EventType "swiss"]
[EventRounds "9"]
[EventCountry "ESP"]
[SourceTitle "Ajedrez en Madrid"]
[Source "lmi"]
[SourceDate "2013.07.13"]
[SourceVersion "1"]
[SourceVersionDate "2019.06.21"]
[SourceQuality "1"]

1. d4 c5 2. d5 Nf6 3. c4 e6 4. Nc3 exd5 5. cxd5 d6 6. e4 g6 7. f4 Bg7 8. e5
dxe5 9. fxe5 Nfd7 10. e6 fxe6 11. dxe6 Nb6 12. Qxd8+ Kxd8 13. Bg5+ Ke8 14. Bb5+
Nc6 15. Nf3 Bxe6 16. O-O h6 17. Rae1 Kd7 18. Ne4 Bxa2 19. Nxc5+ Kc8 20. Bxc6
bxc6 21. Bc1 Bd5 22. Ne6 Bf6 23. Nfd4 Nd7 24. b4 Re8 25. Bxh6 Bc4 26. Bg7 Bxf1
27. Rxf1 Bxg7 28. Nxg7 Re7 29. Nge6 Kb7 30. Rc1 Rc8 31. Rc3 Kb6 32. h4 Nf6 33.
Rg3 Rg8 34. Rc3 Rc8 35. Rg3 Nd5 36. Rxg6 Nxb4 37. h5 a5 38. Rf6 a4 39. g4 a3
40. Nb3 Rg8 41. g5 Rxe6 42. Rxe6 Rxg5+ 43. Kf2 Rxh5 44. Na1 Rh1 0-1

[Event "15. Obert Int. Sant Marti 2013"]
[Site "Barcelona ESP"]
[Date "2013.07.20"]
[Round "8.14"]
[White "Lorenzo De La Riva, Lazaro"]
[Black "Arvola, Benjamin"]
[Result "1-0"]
[WhiteElo "2433"]
[BlackElo "2347"]
[PlyCount "57"]
[EventDate "2013.07.13"]
[EventType "swiss"]
[EventRounds "9"]
[EventCountry "ESP"]
[SourceTitle "Ajedrez en Madrid"]
[Source "lmi"]
[SourceDate "2013.07.13"]
[SourceVersion "1"]
[SourceVersionDate "2019.06.21"]
[SourceQuality "1"]

1. e4 c5 2. Nf3 Nc6 3. Bb5 g6 4. Bxc6 dxc6 5. d3 Bg7 6. h3 Nf6 7. Nc3 Nd7 8.
O-O O-O 9. Be3 e5 10. Qd2 Re8 11. Nh2 Qe7 12. Rae1 Nf8 13. f4 exf4 14. Bxf4 Ne6
15. Bh6 Bxh6 16. Qxh6 Nd4 17. e5 Nf5 18. Qf4 Kg7 19. Ng4 Qh4 20. Ne4 b6 21. Kh2
h5 22. g3 Qd8 23. Ngf6 Rh8 24. Kg2 Be6 25. g4 hxg4 26. hxg4 Ne7 27. Rh1 Qd4 28.
Ne8+ Rhxe8 29. Qf6+ 1-0

[Event "15. Obert Int. Sant Marti 2013"]
[Site "Barcelona ESP"]
[Date "2013.07.20"]
[Round "8.15"]
[White "Hernando Rodrigo, Julio Antonio"]
[Black "Prasca Sosa, Rafael"]
[Result "0-1"]
[WhiteElo "2327"]
[BlackElo "2426"]
[PlyCount "72"]
[EventDate "2013.07.13"]
[EventType "swiss"]
[EventRounds "9"]
[EventCountry "ESP"]
[SourceTitle "Ajedrez en Madrid"]
[Source "lmi"]
[SourceDate "2013.07.13"]
[SourceVersion "1"]
[SourceVersionDate "2019.06.21"]
[SourceQuality "1"]

1. d4 d5 2. Nf3 c6 3. g3 Bf5 4. Bg2 h6 5. O-O Nf6 6. c4 e6 7. Nc3 Nbd7 8. cxd5
exd5 9. Nh4 Bh7 10. f4 Be7 11. Bh3 O-O 12. Nf3 Ne4 13. Ne5 Nxe5 14. fxe5 f6 15.
Nxe4 Bxe4 16. Be3 Qb6 17. e6 Qxb2 18. Rf5 Qc3 19. Bf4 Qc2 20. Qxc2 Bxc2 21. Rc1
Be4 22. Bd2 Bxf5 23. Bxf5 Bd6 24. Kf2 Rfe8 25. h4 Re7 26. Rb1 Rae8 27. h5 Kf8
28. a4 Rb8 29. Rc1 Rc7 30. g4 Ke7 31. e4 dxe4 32. Ke3 b5 33. Ba5 Rcc8 34. Bxe4
c5 35. dxc5 Rxc5 36. Rd1 b4 0-1

[Event "15. Obert Int. Sant Marti 2013"]
[Site "Barcelona ESP"]
[Date "2013.07.20"]
[Round "8.16"]
[White "Aloma Vidal, Robert"]
[Black "Garcia Blanco, Omar"]
[Result "1/2-1/2"]
[WhiteElo "2421"]
[BlackElo "2253"]
[PlyCount "81"]
[EventDate "2013.07.13"]
[EventType "swiss"]
[EventRounds "9"]
[EventCountry "ESP"]
[SourceTitle "Ajedrez en Madrid"]
[Source "lmi"]
[SourceDate "2013.07.13"]
[SourceVersion "1"]
[SourceVersionDate "2019.06.21"]
[SourceQuality "1"]

1. d4 Nf6 2. c4 c5 3. d5 b5 4. Qc2 b4 5. e4 d6 6. f4 Qc7 7. Nf3 e5 8. dxe6 Bxe6
9. Bd3 Nc6 10. O-O Be7 11. b3 O-O 12. Bb2 g6 13. Nbd2 Nh5 14. f5 Bd7 15. Rf2
Ne5 16. Nf1 Ng4 17. Rd2 Rae8 18. h3 Ne5 19. Be2 Nf4 20. Ne3 Bc6 21. Rf1 Bf6 22.
Nxe5 dxe5 23. Ng4 Bg5 24. Rfd1 gxf5 25. Nf2 f6 26. Bf3 Qg7 27. Kh1 Bh4 28. Bc1
Bxf2 29. Rxf2 fxe4 30. Bxe4 Bxe4 31. Qxe4 f5 32. Qc6 Rd8 33. Rxd8 Rxd8 34. Bxf4
exf4 35. Qe6+ Qf7 36. Qxf7+ Kxf7 37. Rxf4 Kg6 38. Rf2 h5 39. Re2 Kf6 40. Kg1 h4
41. Kf2 1/2-1/2

[Event "15. Obert Int. Sant Marti 2013"]
[Site "Barcelona ESP"]
[Date "2013.07.20"]
[Round "8.17"]
[White "Silva, Luis Neves Da"]
[Black "Fernandez Romero, Ernesto"]
[Result "1/2-1/2"]
[WhiteElo "2218"]
[BlackElo "2480"]
[PlyCount "164"]
[EventDate "2013.07.13"]
[EventType "swiss"]
[EventRounds "9"]
[EventCountry "ESP"]
[SourceTitle "Ajedrez en Madrid"]
[Source "lmi"]
[SourceDate "2013.07.13"]
[SourceVersion "1"]
[SourceVersionDate "2019.06.21"]
[SourceQuality "1"]

1. Nf3 d6 2. c4 e5 3. Nc3 f5 4. d4 e4 5. Ng5 h6 6. Nh3 g5 7. g3 Bg7 8. Bg2 Nf6
9. Ng1 O-O 10. h4 g4 11. e3 Nc6 12. Nge2 Nh5 13. O-O Ne7 14. b4 Be6 15. Qb3 Ng6
16. Rd1 Kh7 17. Nf4 Nhxf4 18. exf4 c6 19. a4 d5 20. c5 Bf6 21. b5 Qd7 22. b6 a6
23. Kf1 Rg8 24. Ne2 Rg7 25. Ke1 Bf7 26. Kd2 Nf8 27. Ke3 Ne6 28. Qc2 Qe7 29. Bb2
Bh5 30. Rh1 Rag8 31. a5 Be8 32. Rad1 h5 33. Rh2 Nf8 34. Rdh1 Ng6 35. Ba1 Qd8
36. Bc3 Bd7 37. Ba1 Re7 38. Bc3 Bg7 39. Be1 Nf8 40. Bc3 Ne6 41. Rg1 Be8 42. Bh1
Rd7 43. Rd1 Bh6 44. Be1 Nf8 45. Bd2 Ng6 46. Bg2 Qb8 47. Rg1 Nf8 48. Qc1 Ne6 49.
Qc2 Bf7 50. Bh1 Rg6 51. Bb4 Bg7 52. Qd2 Rd8 53. Rc1 Rg8 54. Rg1 Bh6 55. Rhg2
Qd8 56. Rh2 Re8 57. Bg2 Bg7 58. Bf1 Nf8 59. Ba3 Rge6 60. Bb2 Qf6 61. Bc3 R6e7
62. Bg2 Ne6 63. Rd1 Rg8 64. Bb4 Be8 65. Rg1 Bd7 66. Bh1 Bh6 67. Ba3 Reg7 68.
Qe1 Be8 69. Bb4 Rg6 70. Ba3 Qe7 71. Bb4 Bg7 72. Qc3 Bf6 73. Ba3 R6g7 74. Bb4
Nf8 75. Bg2 Qd8 76. Ba3 Re7 77. Bb4 Ng6 78. Rgh1 Re6 79. Ba3 Bg7 80. Rg1 Bh6
81. Bh1 Qb8 82. Qe1 Nf8 1/2-1/2

[Event "15. Obert Int. Sant Marti 2013"]
[Site "Barcelona ESP"]
[Date "2013.07.20"]
[Round "8.18"]
[White "Ramirez Garcia, Jorge Alberto"]
[Black "Enchev, Ivajlo"]
[Result "1/2-1/2"]
[WhiteElo "2303"]
[BlackElo "2448"]
[PlyCount "114"]
[EventDate "2013.07.13"]
[EventType "swiss"]
[EventRounds "9"]
[EventCountry "ESP"]
[SourceTitle "Ajedrez en Madrid"]
[Source "lmi"]
[SourceDate "2013.07.13"]
[SourceVersion "1"]
[SourceVersionDate "2019.06.21"]
[SourceQuality "1"]

1. e4 d5 2. exd5 Qxd5 3. Nf3 Bg4 4. Be2 Nc6 5. h3 Bh5 6. Nc3 Qd6 7. Ne4 Qd5 8.
Nc3 Qd7 9. Ne5 Bxe2 10. Qxe2 Nxe5 11. Qxe5 O-O-O 12. d3 Nf6 13. Be3 e6 14.
O-O-O Nd5 15. Nxd5 Qxd5 16. Qxd5 exd5 17. Bf4 Bc5 18. d4 Bb6 19. Rhe1 Rhe8 20.
c3 c6 21. f3 Kd7 22. Kd2 h5 23. Rxe8 Rxe8 24. Re1 Rg8 25. Be5 Bd8 26. Bf4 g5
27. Be3 f5 28. g4 Rh8 29. gxf5 Rf8 30. f4 gxf4 31. Bxf4 Rxf5 32. Ke3 Ke6 33.
Rg1 Kf7 34. Rg2 b5 35. Rg1 Bh4 36. Rg2 a6 37. Rg1 Rf6 38. Rg2 Re6+ 39. Be5 Rg6
40. Rxg6 Kxg6 41. Kf3 Kf5 42. Bc7 Bg5 43. b3 Be7 44. a4 bxa4 45. bxa4 Bg5 46.
Ba5 Bd2 47. Ke2 Bf4 48. Kf3 Bd6 49. Bb6 Ke6 50. Ke3 Bg3 51. Ba5 Bb8 52. Bb6 Kf5
53. Kf3 Bd6 54. Ba7 Bc7 55. Bc5 Ba5 56. Bb4 Bd8 57. Bc5 Bg5 1/2-1/2

[Event "15. Obert Int. Sant Marti 2013"]
[Site "Barcelona ESP"]
[Date "2013.07.20"]
[Round "8.19"]
[White "Vehi Bach, Victor Manuel"]
[Black "Valsecchi, Alessio"]
[Result "0-1"]
[WhiteElo "2308"]
[BlackElo "2412"]
[PlyCount "70"]
[EventDate "2013.07.13"]
[EventType "swiss"]
[EventRounds "9"]
[EventCountry "ESP"]
[SourceTitle "Ajedrez en Madrid"]
[Source "lmi"]
[SourceDate "2013.07.13"]
[SourceVersion "1"]
[SourceVersionDate "2019.06.21"]
[SourceQuality "1"]

1. e4 c6 2. d4 d5 3. e5 c5 4. dxc5 Nc6 5. Nf3 e6 6. a3 Bxc5 7. b4 Bb6 8. Bb2 f6
9. Nbd2 Nge7 10. exf6 gxf6 11. b5 Ne5 12. Nxe5 fxe5 13. Qh5+ Ng6 14. Bxe5 O-O
15. Bd3 Qh4 16. Bxg6 Qxh5 17. Bxh5 Rf5 18. f4 Rxh5 19. a4 a6 20. bxa6 Rxa6 21.
Ke2 Bd7 22. Nf3 Bc6 23. Ng5 d4 24. Nf3 Rf5 25. Rhd1 Bxa4 26. Rdb1 Ba7 27. Kd2
b5 28. Bxd4 Bxd4 29. Nxd4 Rxf4 30. Ke3 e5 31. Ne2 Rh6 32. h3 Rg6 33. Rg1 Bxc2
34. Ra8+ Kg7 35. Rc1 Re4+ 0-1

[Event "15. Obert Int. Sant Marti 2013"]
[Site "Barcelona ESP"]
[Date "2013.07.20"]
[Round "8.20"]
[White "Gullaksen, Eirik"]
[Black "Guerrero Sierra, Juan Carlos"]
[Result "1-0"]
[WhiteElo "2380"]
[BlackElo "2227"]
[PlyCount "133"]
[EventDate "2013.07.13"]
[EventType "swiss"]
[EventRounds "9"]
[EventCountry "ESP"]
[SourceTitle "Ajedrez en Madrid"]
[Source "lmi"]
[SourceDate "2013.07.13"]
[SourceVersion "1"]
[SourceVersionDate "2019.06.21"]
[SourceQuality "1"]

1. e4 c5 2. Nf3 d6 3. d4 cxd4 4. Nxd4 Nf6 5. Nc3 g6 6. Bc4 Bg7 7. O-O O-O 8. h3
a6 9. Re1 b5 10. Bb3 b4 11. Nd5 Bb7 12. Bg5 e6 13. Nxf6+ Bxf6 14. Bh6 Re8 15.
Ba4 Nd7 16. Qd2 a5 17. a3 bxa3 18. Rxa3 Re7 19. Nc6 Bxc6 20. Bxc6 Rc8 21. Bxd7
Rxd7 22. c3 d5 23. e5 Be7 24. Ra4 Rc4 25. Rea1 Rxa4 26. Rxa4 Rb7 27. Be3 Qb8
28. Rxa5 Rxb2 29. Qd4 Rb1+ 30. Kh2 h5 31. g3 Bd8 32. Ra6 Qb5 33. Qa4 Qxa4 34.
Rxa4 Bc7 35. Bd4 Bb6 36. Ra8+ Kg7 37. Rb8 Bxd4 38. Rxb1 Bxe5 39. Rc1 h4 40. c4
dxc4 41. Rxc4 hxg3+ 42. fxg3 g5 43. Rc6 Kg6 44. Kg2 Bb8 45. Kf3 Kf5 46. g4+ Kg6
47. Ke4 Bf4 48. h4 Bg3 49. h5+ Kg7 50. Rc8 Bf4 51. Ra8 Bg3 52. Ra7 Bh2 53. Rb7
Bg1 54. Ke5 Bh2+ 55. Kd4 Bg1+ 56. Kc4 Bf2 57. Kb5 Bd4 58. Kc6 Be5 59. Kd7 Kf8
60. h6 Bf4 61. Ra7 Kg8 62. Ke7 e5 63. Kf6 Kh7 64. Rxf7+ Kxh6 65. Rb7 e4 66. Rb1
Kh7 67. Kf7 1-0

[Event "15. Obert Int. Sant Marti 2013"]
[Site "Barcelona ESP"]
[Date "2013.07.20"]
[Round "8.21"]
[White "Christiansen, Johan-Sebastian"]
[Black "Alvarado Diaz, Alejandro"]
[Result "1-0"]
[WhiteElo "2155"]
[BlackElo "2313"]
[PlyCount "87"]
[EventDate "2013.07.13"]
[EventType "swiss"]
[EventRounds "9"]
[EventCountry "ESP"]
[SourceTitle "Ajedrez en Madrid"]
[Source "lmi"]
[SourceDate "2013.07.13"]
[SourceVersion "1"]
[SourceVersionDate "2019.06.21"]
[SourceQuality "1"]

1. d4 Nf6 2. c4 g6 3. Nc3 Bg7 4. e4 d6 5. Nf3 O-O 6. Be2 c5 7. O-O cxd4 8. Nxd4
Nc6 9. Nc2 Be6 10. b3 Qa5 11. Bd2 Rfc8 12. Kh1 Nd7 13. Qe1 Qd8 14. Rd1 a5 15.
Be3 Qe8 16. Na4 Rab8 17. f4 Nf6 18. Bd3 Bd7 19. Nb6 Rd8 20. a3 h5 21. b4 axb4
22. axb4 e6 23. h3 Nh7 24. Be2 Bc8 25. b5 Ne7 26. Qb4 Bf8 27. Rxd6 Nd5 28. Rxd8
Qxd8 29. Qd2 Nhf6 30. exd5 Ne4 31. Qe1 exd5 32. Nxd5 Be6 33. Bb6 Qc8 34. Bd3
Nd6 35. Nf6+ Kh8 36. Bd4 Bg7 37. Be5 Qd8 38. Qc3 Rc8 39. Nxh5 gxh5 40. Bxg7+
Kg8 41. c5 Ne8 42. Bd4 Qh4 43. Be2 Bd5 44. Bf3 1-0